000 00561pam a2200217 a 4500
001 2805032
005 20180118094408.0
008 820407s1983 cau b 001 0 eng
010 _a 82006927
020 _a0534011365 :
_c$29.95
040 _aDLC
_cDLC
_dDLC
041 _aeng
080 _a515 PET
082 0 0 _a515 PET
_219
100 1 _a27
101 _aENG
245 1 0 _aAdvanced engineering mathematics /
_cPeter V. O'Neill.
504 _aBibliography: p. 1097-1099.
906 _a7
_bcbc
_corignew
_d1
_eocip
_f19
_gy-gencatlg
942 _2ddc
_cBK
999 _c40513
_d40513